000 00465cam a2200193ua 4500
001 9299
005 20260515114442.0
008 150225n ii |||gr||||Z||||||eng
040 _cMAIN
041 _aeng
082 _a920
100 _aBezbaruah, L.,
_eAuthor.
245 1 _aMorjivan sowaran
_cBy Lakshminath Bezbaruah
250 _a1st.
260 _aDibrugarh:
_bBanalata,
_c2011.
300 _a126p.
653 _aBiography, genealogy & insignia
942 _cBK
999 _c8359
_d8359